Cluj-Napoca - Choix Multiples - Statistiques

Statistiques générales
  • Ce quiz a été pris 18 fois
  • Le résultat moyen est 6 sur 10
Statistiques - réponses
Question Réponse % Correct
Que désigne "Napoca", ajouté au nom Cluj en 1974 par le dictateur Nicolae Ceaușescu ? C'est le nom du camp romain qui se trouvait sur le site de la ville
87%
Par quelle ville fut offerte cette statue, visible sur le boulevard Eroilor ?
Par Rome, en symbole du passé romain de la ville
87%
Laquelle de ces affirmations sur Cluj-Napoca est vraie ? Il s'agit du plus ancien centre universitaire du pays
73%
Dans quelle région de Roumanie se trouve Cluj-Napoca ? La Transylvanie
73%
Que désigne Ursus, production originaire de Cluj-Napoca ? Une bière
67%
Qui étaient Victor Babeș et Bolyai János, dont les noms ont été donnés à la plus grande université de Roumanie, située à Cluj-Napoca ? Un médecin et un mathématicien
60%
Duquel de ces territoires Matthias Corvin, né dans l'actuelle Cluj en 1443, n'a-t-il pas été le dirigeant ? Le duché de Bavière
53%
Laquelle de ces images représente l'église Saint-Michel, dans le centre-ville de Cluj-Napoca ?
47%
Quel groupe ethnique forme une communauté importante de la ville ? Les Hongrois
40%
Laquelle de ces propositions ne correspond pas à un ancien nom de la ville ? Cluygorod
20%
Aucun quiz correspondant
Distribution des résultats
% des personnes avec chaque résultat
Percentile par nombre de réponses
Votre historique - résultats
Vous n’avez pas pris ce quiz